| 000 | 00717 a2200265 4500 | ||
|---|---|---|---|
| 001 | 200042419 | ||
| 999 |
_c200042419 _d35496 |
||
| 003 | TR-AnTOB | ||
| 005 | 20230906134213.0 | ||
| 008 | 110916s2005 tu 000 0 | ||
| 020 | _a975982907 | ||
| 040 | _aTR-AnTOB | ||
| 041 | _atur | ||
| 050 | 1 | 4 |
_aSF271 _bK34 2005 |
| 090 | _aSF271 K34 2005 | ||
| 100 | 1 |
_aKamber, Ufuk _976484 |
|
| 245 | 1 | 0 |
_aGeleneksel Anadolu peynirleri / _bUfuk Kamber. |
| 264 | 1 |
_aAnkara : _bMiki matbaa, _c2005. |
|
| 300 |
_a210 p. ; _bill; _c25cm. |
||
| 504 | _aIncludes bibiliographical references | ||
| 650 | 0 | 0 |
_aPeynir _zTürkiye _976487 |
| 650 | 0 | 7 |
_aPeynir _xÇeşitler _2etuturkob _976485 |
| 650 | 0 | 0 |
_aPeynir endüstrisi _zTürkiye _976486 |
| 942 | _cBK | ||